MDQL
is popping MORE tags! Check the
thread
!
Quizzes
Events
Quiz Creation
Community
Videos
Private Events
Remove Ads
Sign In
Join for FREE
Feedback
Dark Mode
Quiz Categories
Sports
Geography
Music
Movies
Television
Just For Fun
Miscellaneous
History
Literature
Language
Science
Gaming
Entertainment
Religion
Holiday
For Kids
Quiz Lab
Recent
Popular Today
Quiz Kudos Today
Editor Picks
Curator Picks
Quizzes by...
Day
Popularity
Type
Ratings
Length
Year
Community
Subscriptions
Recent Discussions
Orange Saloon
Badges
Playlists
Quests
Create
Leaderboards
Showdown
Live 5
Trivia Bingo
Activity
Puzzle Library
Sporcle Events
Private Events
Virtual Trivia
Globe League
Become a Host
Pub Owners
SporcleCon
Opinionation
Our Games
Videos
Blog
Mobile Apps
Partnerships
Remove Ads and Go Orange
Feedback
Language
Vocabulary
Begins and Ends
Definition
Spanish
French
German
Italian
Chinese
Latin
Translation
Japanese
Language
Vocabulary
Begins and Ends
Definition
Spanish
French
German
Italian
Chinese
Latin
Translation
Japanese
Random Quiz
Search Sporcle
×
Quiz Lab
Quiz Lab
Language
Quote
Type in answers that appear in a list
Type in answers that appear in a list
Classic
Best Score? Go Orange.
Famous Quotes III Stats
Can you name the Famous Quotees?
By
windyhead
4m
10 Questions
120 Plays
120 Plays
120 Plays
Comments
Comments
Give Quiz Kudos
Give Quiz Kudos
-
- Ratings
hide this ad
More Info
Replay
Link that replays current quiz
Next Quiz
Link to next quiz in quiz playlist
You Got
0%
They Got
Avg Score
34%
Avg Friend Score
Upgrade to see
Score Distribution
Jump to the score distribution portion of the page
Score
0/10
Timer
04:00
0
Plays Today
The Quotation
The Quotee
% Correct
All the world's a stage, and all the men and women merely players: they have their exits and their entrances; and one man in his time plays many parts, his acts being seven ages.
William Shakespeare
73.3%
All animals are equal, but some animals are more equal than others.
George Orwell
60%
I can't believe that God plays dice with the universe.
Albert Einstein
56.7%
No b*stard ever won a war by dying for his country. He won it by making the other poor dumb b*stard die for his country
Gen. George S. Patton
46.7%
God not only plays dice, He also sometimes throws the dice where they cannot be seen.
Stephen Hawking
30%
Mankind must put an end to war or war will put an end to mankind.
John F. Kennedy
24.2%
Americans... still believe in an America where anything's possible -
they just don't think their leaders do.
Barack Obama
21.7%
You will kill 10 of our men, and we will kill 1 of yours, and in the end it will be you who tire of it.
Ho Chi Minh
17.5%
A man who won't die for something is not fit to live
Martin Luther King
9.2%
The truth is the greatest enemy of The State.
Joseph Goebbels
3.3%
Quiz Playlist
Details
Report
Send in Message
Add To Playlist
More Info:
IF you enjoyed, please leave a good rating!
Classic:
Type in answers that appear in a list
Last Updated: Feb 16, 2017
Quiz Scoreboard
CHALLENGE
Sign Up to Join the Scoreboard
Show All
Scores
Hide
Comments
May contain spoilers
Recently Published
5x2 Blitz: Bands
by SL_Kpop136
Music
30s
Colored Red Africa Blitz
by spor1
Geography
30s
Find the 'City' Movie
by crazypaving
Movies
60s
More to Explore
Quiz From the Vault
Featured Blog Post
14 Easter Pick-up Lines to Find Eggs With
hide this ad
You Might Also Like...
Tags
Famous Quiz
Quote Quiz
Quotation
Today's Top Quizzes in Language
Browse Language
hide this ad
Today's Top Quizzes in Quote
Browse Quote
Top Contributed Quizzes in Language
1
Arabic Numerals
2
1-10 Letter H Words III
3
1-10 Letter F Words III
4
1-10 Letter G Words III
5
1-10 Letter I Words III
6
1-10 Letter M Words III
7
1-10 Letter K Words III
8
1-10 Letter L Words III
9
1-10 Letter N Words III
10
1-10 Letter J Words III
Explore More
Trending Topics
Kpop
Anime
Harry Potter
Crossword
Marvel
Disney
NBA
Country
The Office
Puzzle
Soccer
NFL
Pokémon
Song
WWE
hide this ad
More By:
windyhead
Quiz
Plays
Rating
Category
Featured
Created
How Much Do You Know About The Titanic?
114,011
4.34
History
Mar 26, 2010
Most produced military aircraft of WWII
2,879
4.00
History
Mar 23, 2010
British Army Military Ranks
1,282
3.25
Miscellaneous
Apr 18, 2010
Blur UK Singles
1,201
4.64
Music
Mar 30, 2010
German Navy WWII: The Bismarck Test
527
5.00
History
Apr 22, 2010
Go to Creator's Profile
Score Distribution
Quiz Creator Spotlight
windyhead
Follow
Send a Message
Quizzes Created
-
Created Quiz Play Count
-
More By This Creator
Popular Quizzes Today
1
Colored Red Africa Blitz
2
Find the 'City' Movie
3
Find the US States - No Outlines Minefield
4
5x2 Blitz: Bands
5
The Countries of the World
6
Find the US States
7
US States
8
9x9 Crossword: Cartoon Network
More Language Quizzes
Odd Language Out: Colors
Editor's Pick
Trending Quizzes
Colored Red Europe Blitz I
Colored Red Europe Blitz II
Colored Red Africa Blitz II
Colored Red Europe Blitz III
Colored Red Africa Blitz III
Recently Updated
How Do You Spell That?
pecheneg
Godzilla Movies
pecheneg
Grab Bag: 4-10 Letters
pecheneg
2024 March Madness Bracket
pecheneg
Famous TV Couples
Peacemaker
Champions League XIs: Real Madrid
pecheneg
Largest US Cities 1790-2010
pecheneg
Rides in Walt Disney World
pecheneg
Most Oscar Losses (Acting)
pecheneg
Beyoncé Albums
pecheneg
Trending Topics
Kpop
Anime
Marvel
Harry Potter
Disney
NBA
Crossword
Pokémon
NFL
The Office
Country
Song
Soccer
WWE
Puzzle
Your Account Isn't Verified!
In order to create a playlist on Sporcle, you need to verify the email address you used during registration. Go to your
Sporcle Settings
to finish the process.
Report this User
Report this user for behavior that violates our
Community Guidelines
.
Details:
Send Report
Go to the Sporcle.com Mobile Site →
Comments